000 00769nam a2200241 i 4500
001 16139
003 ES-MaACL
005 20230906151243.0
007 t|
008 000704s1993 mx ||||1| spa d
020 _a968-16-3969-3
080 _a972"18"
100 1 _aGonzález Pedrero, Enrique.
_958866
245 1 0 _aPaís de un solo hombre :
_bel México de Santa Anna.
_n1,
_pLa ronda de los contrarios /
_cEnrique González Pedrero.
250 _a1ª ed.
260 _aMéxico :
_bFondo de Cultura Económica,
_c1993.
300 _a1 v. :
_bil. ;
_c24 cm.
490 1 _aSección de obras de historia
651 4 _aMéxico-
_xHistoria-
_yS.XIX.
_99067
830 1 _aSección de obras de historia
_9179403
852 _aES-MaACL
_jP-1961
999 _c16139
_d16139